| 000 -LEADER |
| fixed length control field |
00640cmm a22002415a 4500 |
| 001 - CONTROL NUMBER |
| control field |
13458787 |
| 005 - DATE AND TIME OF LATEST TRANSACTION |
| control field |
20180314091839.0 |
| 007 - PHYSICAL DESCRIPTION FIXED FIELD--GENERAL INFORMATION |
| fixed length control field |
co ||||||||||| |
| 008 - FIXED-LENGTH DATA ELEMENTS--GENERAL INFORMATION |
| fixed length control field |
040115s1999 ilu u eng d |
| 035 ## - SYSTEM CONTROL NUMBER |
| System control number |
(OCoLC)ocm44501737 |
| 040 ## - CATALOGING SOURCE |
| Original cataloging agency |
GGS |
| Transcribing agency |
GGS |
| Modifying agency |
OCLCQ |
| -- |
DLC |
| 041 ## - LANGUAGE CODE |
| Language code of text/sound track or separate title |
eng |
| 042 ## - AUTHENTICATION CODE |
| Authentication code |
lccopycat |
| 080 ## - UNIVERSAL DECIMAL CLASSIFICATION NUMBER |
| Universal Decimal Classification number |
78 |
| 100 ## - Rafti |
| Rafti |
45 |
| 101 ## - Shkurtesa |
| Shkurtesa |
MUS |
| 245 00 - TITLE STATEMENT |
| Title |
Music appreciation course. |
| Name of part/section of a work |
Dynamics and tone |
| 753 ## - SYSTEM DETAILS ACCESS TO COMPUTER FILES |
| Make and model of machine |
Windows, Macintosh. |
| 906 ## - LOCAL DATA ELEMENT F, LDF (RLIN) |
| a |
0 |
| b |
ibc |
| c |
copycat |
| d |
2 |
| e |
ncip |
| f |
20 |
| g |
y-gencompf |
| 942 ## - ADDED ENTRY ELEMENTS (KOHA) |
| Source of classification or shelving scheme |
|
| Item type |
Books |